000
00303 a2200145 4500
001
180231
020
_a
040
_c
Magnum
100
_a
Sanchez, J. L. Garcia
240
1
0
_a
A cidade perdida
_l
por
245
1
0
_a
A cidade perdida
362
0
_a
1899
697
_a
MAGNITO: IJ/ECOLOGIA
942
_c
BK
999
_c
180231
_d
180231